Welcome to CU Library Online Public Access Catalogue (OPAC)

Radical monotheism and western culture : (Record no. 6941)

MARC details
000 -LEADER
fixed length control field 00994cam a2200277 a 4500
001 - CONTROL NUMBER
control field 3942317
005 - DATE AND TIME OF LATEST TRANSACTION
control field 20250712154015.0
008 - FIXED-LENGTH DATA ELEMENTS--GENERAL INFORMATION
fixed length control field 930428r19931960kyu b 001 0 eng
020 ## - INTERNATIONAL STANDARD BOOK NUMBER
International Standard Book Number 0664253261
Qualifying information alk. paper
020 ## - INTERNATIONAL STANDARD BOOK NUMBER
International Standard Book Number 9780664253264
Qualifying information (alk. paper)
050 00 - LIBRARY OF CONGRESS CALL NUMBER
Classification number BT78
Item number .N495 1993
082 00 - DEWEY DECIMAL CLASSIFICATION NUMBER
Classification number 230
Edition information 20
100 1# - MAIN ENTRY--PERSONAL NAME
Personal name Niebuhr, H. Richard
Fuller form of name (Helmut Richard),
Dates associated with a name 1894-1962.
245 10 - TITLE STATEMENT
Title Radical monotheism and western culture :
Remainder of title with supplementary essays /
Statement of responsibility, etc. H. Richard Niebuhr ; foreword by James M. Gustafson.
260 ## - PUBLICATION, DISTRIBUTION, ETC.
Place of publication, distribution, etc. Louisville, Ky. :
Name of publisher, distributor, etc. Westminster/John Knox Press,
Date of publication, distribution, etc. [1993]
300 ## - PHYSICAL DESCRIPTION
Extent 144 p. ;
Dimensions 23 cm.
440 #0 - SERIES STATEMENT/ADDED ENTRY--TITLE
Title Library of theological ethics
500 ## - GENERAL NOTE
General note Originally published: New York : Harper, 1960.
650 #0 - SUBJECT ADDED ENTRY--TOPICAL TERM
Topical term or geographic name entry element Theology, Doctrinal.
650 #0 - SUBJECT ADDED ENTRY--TOPICAL TERM
Topical term or geographic name entry element Christian ethics
General subdivision United Church of Christ authors.
650 #0 - SUBJECT ADDED ENTRY--TOPICAL TERM
Topical term or geographic name entry element Monotheism.
650 #0 - SUBJECT ADDED ENTRY--TOPICAL TERM
Topical term or geographic name entry element Civilization, Western.
650 #0 - SUBJECT ADDED ENTRY--TOPICAL TERM
Topical term or geographic name entry element Christianity and culture.
650 #0 - SUBJECT ADDED ENTRY--TOPICAL TERM
Topical term or geographic name entry element Religion and science.
942 ## - ADDED ENTRY ELEMENTS (KOHA)
Source of classification or shelving scheme Library of Congress Classification
Koha item type Books
Suppress in OPAC No
999 ## -
-- 6941
-- 6941
Holdings
Withdrawn status Lost status Source of classification or shelving scheme Damaged status Not for loan Collection Home library Current library Shelving location Date acquired Total checkouts Full call number Barcode Date last seen Copy number Price effective from Koha item type
    Library of Congress Classification     Non-fiction Undergraduate Library (Christ Temple) Undergraduate Library (Christ Temple) General stacks 07/12/2025   BT78 NIE ulct00003812 07/12/2025 1 07/12/2025 Books
    Library of Congress Classification     Non-fiction Undergraduate Library (Christ Temple) Undergraduate Library (Christ Temple) General stacks 07/12/2025   BT78 NIE ulct00003813 07/12/2025 2 07/12/2025 Books
© 2023-2024 Copyright: Central University Libraries. All Rights Reserved | Created by: Mahone Tech Office